Reactive oxygen species in plant signaling (Record no. 1208339)

MARC details
000 -LEADER
fixed length control field 01074nam a2200337Ia 4500
003 - CONTROL NUMBER IDENTIFIER
control field OSt
005 - DATE AND TIME OF LATEST TRANSACTION
control field 20221007121023.0
008 - FIXED-LENGTH DATA ELEMENTS--GENERAL INFORMATION
fixed length control field 221006b |||||||| |||| 00| 0 eng d
020 ## - INTERNATIONAL STANDARD BOOK NUMBER
International Standard Book Number 9783642003899 (hbd)
037 ## - SOURCE OF ACQUISITION
Terms of availability Textbook
040 ## - CATALOGING SOURCE
Original cataloging agency BDL
Transcribing agency BDL
Language of cataloging eng
041 ## - LANGUAGE CODE
Source of code eng
Language code of text/sound track or separate title eng
100 ## - MAIN ENTRY--PERSONAL NAME
Personal name Rio Luis Alfonso del Ed.
9 (RLIN) 710498
245 #0 - TITLE STATEMENT
Title Reactive oxygen species in plant signaling
Remainder of title Puppo Alain Ed.
260 ## - PUBLICATION, DISTRIBUTION, ETC.
Place of publication, distribution, etc. Dordrecht
Name of publisher, distributor, etc. Springer
Date of publication, distribution, etc. 2009
300 ## - PHYSICAL DESCRIPTION
Extent x, 245p.
Dimensions cm.
490 ## - SERIES STATEMENT
Series statement Signaling and communication in plants
500 ## - GENERAL NOTE
General note Includes bibliographical references.; Index 241- 245p.
650 ## - SUBJECT ADDED ENTRY--TOPICAL TERM
Topical term or geographic name entry element Biochemistry
650 ## - SUBJECT ADDED ENTRY--TOPICAL TERM
Topical term or geographic name entry element Life sciences
9 (RLIN) 710499
650 ## - SUBJECT ADDED ENTRY--TOPICAL TERM
Topical term or geographic name entry element Plant biochemistry
9 (RLIN) 451517
650 ## - SUBJECT ADDED ENTRY--TOPICAL TERM
Topical term or geographic name entry element Plant sciences
9 (RLIN) 710500
650 ## - SUBJECT ADDED ENTRY--TOPICAL TERM
Topical term or geographic name entry element Plant physiology
9 (RLIN) 425556
700 ## - ADDED ENTRY--PERSONAL NAME
Personal name Puppo Alain Ed.
9 (RLIN) 439108
942 ## - ADDED ENTRY ELEMENTS (KOHA)
Classification part I:3, P9 Carb
Koha item type Textbook
Source of classification or shelving scheme Colon Classification (CC)
Holdings
Withdrawn status Lost status Source of classification or shelving scheme Damaged status Not for loan Home library Current library Date acquired Total Checkouts Full call number Barcode Date last seen Price effective from Koha item type
    Colon Classification (CC)     Department of Botany Library Department of Botany Library 2022-10-07   I:3 P9 Carb BD0005399 2022-10-07 2022-10-07 Textbook
Copyright @ Delhi University Library System